000
00305nam a2200121Ia 4500
008
190216s9999||||xx |||||||||||||| ||und||
100
_a
Stephen H Archer & Charls A D`Ambrosio
245
0
_a
Theory Of Business Finance
260
_b
Macmillan
_c
1976
300
_a
697p
650
_a
Commerce
942
_c
BK
999
_c
4354
_d
4354